Giáo trình lý thuyết nhóm và vành
Saved in:
| Main Author: | |
|---|---|
| Other Authors: | |
| Format: | Book |
| Published: |
Huế
[Knxb]
1994
|
| Subjects: | |
| Tags: |
Add Tag
No Tags, Be the first to tag this record!
|
| Institutions: | Trung tâm Học liệu Lê Vũ Hùng, Trường Đại học Đồng Tháp |
|---|
| LEADER | 00879pam a22002538a 4500 | ||
|---|---|---|---|
| 001 | 00020473 | ||
| 005 | 20171026081025.0 | ||
| 008 | 110518s1994 ||||||Viesd | ||
| 041 | 0 | # | |a Vie |
| 082 | 1 | 4 | |a 512.007 6 |b GI108TR |
| 100 | 0 | # | |a Lê Văn Thuyết |
| 245 | 0 | 0 | |a Giáo trình lý thuyết nhóm và vành |c Lê Văn Thuyết, Hoàng Tròn |
| 260 | # | # | |a Huế |b [Knxb] |c 1994 |
| 300 | # | # | |a 78 tr. |c 24 cm. |
| 500 | # | # | |a ĐTTS ghi: Bộ giáo dục và đào tạo. Đại học Huế. Trung tâm đào tạo từ xa |
| 650 | # | 4 | |a Lý thuyết nhóm |
| 650 | # | 4 | |a Đại số |
| 650 | # | 4 | |a Toán |
| 653 | # | # | |a Giáo trình |
| 700 | 0 | # | |a Hoàn Tròn |
| 852 | # | # | |j KD.0005859 |
| 852 | # | # | |b Kho đọc |j KD.0005859 |
| 910 | 0 | # | |a Đức |d 18/05/2011 |
| 980 | # | # | |a Trung tâm Học liệu Lê Vũ Hùng, Trường Đại học Đồng Tháp |